[Event "Wasselonne op"]
[Site "Wasselonne"]
[Date "2009.08.07"]
[Round "3"]
[White "Spard, Philippe"]
[Black "Bonnet, Gerard"]
[Result "1/2-1/2"]
[WhiteElo "1650"]
[BlackElo "1815"]
[PlyCount "88"]
[EventDate "2009.08.06"]
[EventType "swiss"]
[EventRounds "7"]
[EventCountry "FRA"]
[SourceTitle "EXT 2011"]
[Source "ChessBase"]
[SourceDate "2010.11.26"]
[SourceVersion "1"]
[SourceVersionDate "2010.11.26"]
[SourceQuality "1"]

1. e4 c5 2. Nf3 e6 3. d4 cxd4 4. Nxd4 Nc6 5. Be3 a6 6. Be2 Be7 7. Nc3 d6 8. 0-0 Nf6 9. f4 Nxd4 10. Bxd4 e5 11. Be3 0-0 12. f5 h6 13. Qe1 Nh7 14. Qg3 Bg5 15. Nd5 Bxe3+ 16. Qxe3 Nf6 17. Rad1 Nxd5 18. Rxd5 Qc7 19. f6 Be6 20. Rd3 Qc5 21. Qxc5 dxc5 22. Rg3 g6 23. h4 Kh7 24. Rc3 Rac8 25. g4 b5 26. Rg3 Rcd8 27. Rd1 Rxd1+ 28. Bxd1 Rd8 29. Bf3 Rd2 30. Rg2 Rxg2+ 31. Kxg2 a5 32. a3 Kg8 33. g5 hxg5 34. hxg5 Kf8 35. Kf2 Ke8 36. Ke3 Kd7 37. Be2 c4 38. c3 Kc6 39. Bd1 Kc5 40. Kd2 b4 41. Ke3 b3 42. Be2 Bh3 43. Bf3 Bf1 44. Bg4 Kd6 1/2-1/2